000
00320nam a2200133Ia 4500
005
20260328101510.0
008
260328s9999||||xx |||||||||||||| ||und||
100
_a
Le Corbusier
245
4
_a
The Marseilles Block /
_c
Le Corbusier
260
_b
The Harvill Press
300
_a
71 p.
650
_a
ARQUITECTOS
942
_c
BK
999
_c
9150
_d
9150